[Event "VII Sunway Sitges Open 2020"]
[Site "Sitges"]
[Date "2020.12.15"]
[Round "3.25"]
[White "Cuenca Jimenez, Jose Fernando"]
[Black "Villar Reymundo, Juan Antonio"]
[Result "1/2-1/2"]
[WhiteElo "2528"]
[BlackElo "2129"]
[Annotator "TA"]
[PlyCount "85"]
[EventDate "2020.12.13"]
[EventType "swiss"]
[EventCountry "ESP"]
[SourceTitle "playchess.com"]
[Source "ChessBase"]
[SourceQuality "1"]

{[%evp 21,85,34,34,36,52,53,47,50,57,51,56,42,55,58,61,58,55,55,81,77,75,63,67,35,55,35,119,26,61,28,40,34,25,32,32,0,0,0,0,0,0,0,0,0,0,-9,0,-133,-139,-165,-145,-137,0,-29,-34,-104,-85,-150,-39,-21,-42,-46,-39,-586,-585,-576]} 1. c4 c5 2. Nf3 g6 3. e4 Bg7 4. d4 cxd4 5. Nxd4 Nf6 6. Nc3 d6 7. Be2 O-O 8. O-O Nc6 9. Be3 Bd7 10. h3 Nxd4 11. Bxd4 Bc6 12. Qc2 {B38: Sicilian: Maroczy Bind with 5...Bg7 and 7...0-0.} Nd7 13. Bxg7 Kxg7 14. b4 {Threatens to win with b5.White is slightly better.} b6 15. Rad1 Qc7 {[#]} 16. Qd2 $146 ({Predecessor:} 16. f4 a5 17. a3 Qa7 18. Kh1 Kg8 19. Qd2 Rad8 20. Qb2 Rfe8 21. Rd2 Rc8 22. Bd3 {1-0 (40) Arnaudov,P (2448)-Van Meegen,R (2212) Leiden 2018}) 16... a5 17. a3 Kg8 18. f4 axb4 19. axb4 Nf6 20. Qe3 Ra3 21. Qd4 Rc8 22. Rf3 Rca8 23. Bf1 Qa7 (23... Nh5 $14) 24. Rfd3 (24. b5 $1 $16 {[%cal Rb5c6]} Bb7 25. Re3) 24... Qc7 25. Qe3 Ra1 26. e5 Rxd1 27. Rxd1 Ne8 28. e6 f5 29. Qd4 Ra3 30. Rd3 Ra8 31. g4 {Strongly threatening gxf5.} Ng7 32. Re3 Qb7 33. Qd2 Ra1 34. Qb2 (34. b5 $11 Bh1 35. Re1 Rxe1 36. Qxe1) 34... Qa8 $17 35. Kf2 fxg4 36. hxg4 {[#]} Ra3 (36... Bf3 $1 $17 {[%mdl 512]} 37. f5 (37. Nd5 $2 Bxd5 38. Qc3 Qa2+ 39. Be2 Bh1 $19) (37. Rxf3 Rxf1+) 37... gxf5 38. gxf5 Nxf5) 37. Qd2 ({But not} 37. Nd5 $2 Ra2 $19) 37... Qf8 38. Qd4 {[#]} ({Better is} 38. Nd5 $15 Ra4 39. Rg3) 38... h5 $1 {[%cal Rh5g4]} 39. Be2 (39. b5 $142 Bh1 40. Be2) 39... hxg4 (39... g5 $17 40. Nd5 Ra2) 40. Bxg4 $15 Nf5 41. Bxf5 Qxf5 42. Ne2 $2 {[%mdl 8192] [#]} (42. Kg3 $15) 42... Ra2 $1 $19 43. b5 {[%mdl 32768] Weighted Error Value: White=0.50/Black=0.19. An unexpected result.} 1/2-1/2

[Event "VII Sunway Sitges Open 2020"]
[Site "Sitges"]
[Date "2020.12.15"]
[Round "3.26"]
[White "Ruperez, Miguel"]
[Black "Gatineau, Yovann"]
[Result "1/2-1/2"]
[WhiteElo "2124"]
[BlackElo "2423"]
[Annotator "TA"]
[PlyCount "78"]
[EventDate "2020.12.13"]
[EventType "swiss"]
[EventCountry "ESP"]
[SourceTitle "playchess.com"]
[Source "ChessBase"]
[SourceQuality "1"]

{[%evp 13,78,39,53,50,43,50,42,41,79,71,66,78,83,63,109,94,80,59,41,12,33,0,0,0,0,0,3,0,0,-22,-33,-25,-25,-31,-26,-26,-26,-33,-26,-25,-28,-31,-8,-9,-11,-9,-9,-8,-9,-15,-8,-12,0,0,0,0,0,0,0,0,0,0,0,0,0,0,0]} 1. d4 f5 2. Nf3 Nf6 3. g3 e6 4. Bg2 Be7 5. O-O O-O 6. c4 d6 7. Nc3 Ne4 8. Nxe4 {A96: Classical Dutch: Fluid Systems: Early deviations.} fxe4 9. Nd2 d5 10. f3 {White is slightly better.} e3 11. Nb1 c5 12. Bxe3 cxd4 13. Bxd4 e5 14. Bxe5 Nc6 {[#]} 15. Bc3 $146 ({Predecessor:} 15. Bf4 Qb6+ 16. Kh1 Qxb2 17. Qxd5+ Kh8 18. Nd2 Bf6 19. Ne4 Qxa1 20. Rxa1 Bxa1 21. Nd6 {1-0 (35) Maly,A (2371)-Vlachos,A (2401) chess.com INT 2020}) 15... Qb6+ 16. Kh1 d4 17. Be1 Qxb2 18. Nd2 Bf5 $1 19. Nb3 a5 20. Rf2 {[#] Strongly threatening e4.} Bc2 21. e4 Bxd1 22. Rxb2 Bxf3 23. Nd2 $1 {[%cal Rd2f3]} Bxg2+ 24. Kxg2 Bb4 {And now ...Bc3 would win.} 25. Nf3 {[#]} Rxf3 $1 {[%mdl 576] Remove Defender} 26. Kxf3 {Ke2 is the strong threat.} Ne5+ {[%mdl 64] Double Attack} 27. Kg2 Nd3 28. Re2 {Hoping for Bxb4.The position is equal.} Nxe1+ 29. Rexe1 Bxe1 30. Rxe1 $11 {[%mdl 4096] Endgame KR-KR} Rc8 31. Rc1 Kf7 (31... b5 $5 32. c5 $8 d3 $11) 32. Kf3 Ke6 33. Rb1 Rxc4 {Threatening ...Rb4.} 34. Rxb7 Rc2 35. Rxg7 Rxh2 36. a4 Ra2 37. Rxh7 Rxa4 38. Rh6+ Ke7 39. e5 d3 {Weighted Error Value: White=0.05/Black=0.05} 1/2-1/2

[Event "VII Sunway Sitges Open 2020"]
[Site "Sitges"]
[Date "2020.12.15"]
[Round "3.27"]
[White "Travadon, Loic"]
[Black "Pozanco Romasanta, Marc"]
[Result "1/2-1/2"]
[WhiteElo "2421"]
[BlackElo "2116"]
[Annotator "TA"]
[PlyCount "146"]
[EventDate "2020.12.13"]
[EventType "swiss"]
[EventCountry "ESP"]
[SourceTitle "playchess.com"]
[Source "ChessBase"]
[SourceQuality "1"]

{[%evp 16,146,22,21,31,25,45,37,37,29,29,0,0,0,0,0,0,0,0,10,0,0,8,-7,0,0,64,62,77,71,106,112,116,109,116,118,199,83,90,37,25,-88,-75,-76,0,0,0,0,0,-41,-41,-41,-44,-48,-41,-51,-41,-50,-16,-14,0,0,0,0,0,-7,0,0,-6,0,0,-7,-7,-8,-8,-8,0,-8,-8,-8,-8,-8,5,4,8,0,0,0,0,0,0,0,0,0,9,9,15,10,25,26,95,8,8,8,8,0,0,-8,9,8,10,-12,-12,-12,-12,-12,-12,-12,-12,-12,-12,-12,-12,-12,-12,-12,-12,-12,-12,-12,-12,-12,-12]} 1. c4 Nf6 2. Nc3 g6 3. Nf3 Bg7 4. e4 d6 5. d4 O-O 6. Be2 e5 7. d5 a5 8. Bg5 h6 9. Be3 Ng4 {E92: King's Indian: Classical: 6 Be2 e5: 7 dxe5, 7 Be3 and Petrosian System without 7...Nbd7.} 10. Bd2 f5 11. h3 Nf6 {White is slightly better.} 12. exf5 gxf5 13. Qc1 f4 14. g3 e4 $1 {[%cal Re4f3]} 15. Nh4 e3 $1 {[%cal Re3d2]} 16. fxe3 fxg3 17. Ng6 Re8 18. Nf4 $36 {[%mdl 2048] White has good play.} Na6 19. Rg1 Nc5 20. Qc2 {Qg6 is the strong threat.} Re5 ({Black should try} 20... Nfe4 $11 21. Nxe4 Bf5 22. Rxg3 Nxe4 23. Rxg7+ Kxg7) 21. Bd3 $14 ({Don't play} 21. Rxg3 Bf5 $15) 21... Nxd3+ 22. Qxd3 {[#]} Ne4 $146 {[%mdl 512]} ({Predecessor:} 22... Bf5 23. Qf1 Ne4 24. Nxe4 Rxe4 25. Nh5 Qg5 26. Qf3 Be5 27. Nxg3 Kh8 28. Ke2 Rg4 29. Ne4 Bxe4 30. Qxg4 Qxg4+ 31. Rxg4 Bh7 32. Bc3 {1-0 (32) Dardha,D (2468)-Parvanyan,A (2451) Bad Wiessee 2020}) 23. Nxe4 Bf5 24. Qe2 Rxe4 25. Rxg3 Qh4 {[#]} (25... Kh7 $16) 26. Qf2 (26. Qf3 $1 $18 {and the rest is easy.}) 26... Kh8 $16 27. Ng2 (27. Rc1 $16) 27... Qh5 $1 $14 28. Rxg7 (28. Rf3 $11 Rf8 29. Nf4) 28... Kxg7 $17 29. Nf4 Rxf4 (29... Qf7 $17 30. Ke2 Kh7) 30. Qxf4 $11 Kh7 31. Kf2 Rf8 {Strongly threatening ...Rf7.} 32. Rg1 ({Wrong is} 32. Bxa5 $2 Rf7 $19) 32... Rf7 33. Ke1 Bd3 {[%csl Gd3][%cal Rh5e2]} 34. Qg4 Qxg4 35. hxg4 Bxc4 $15 {[%mdl 4096] Endgame KRB-KRB} 36. Rh1 Bxd5 37. e4 $1 {[%cal Re4d5]} Bxe4 38. Rxh6+ Kg7 39. g5 $1 {With the idea Bc3+.} Rf3 40. Bc3+ Kf7 41. Bxa5 b6 42. Bc3 Rg3 43. Rf6+ Ke7 44. Rf4 d5 45. Be5 Rg2 46. Kf1 Rc2 47. Rf6 Bd3+ 48. Kg1 Re2 49. Bxc7 Rxb2 50. Bd6+ Kd7 51. a3 Be4 52. Bf4 b5 53. Kf1 Ra2 54. Ra6 b4 55. Rd6+ Ke7 56. axb4 Rb2 57. Rf6 d4 {[#]} (57... Bd3+ $11 58. Ke1 Rg2) 58. Bd6+ (58. Be5 $1 $16) 58... Kd7 $11 {The position is equal.} 59. Bc5 d3 60. Rd6+ Kc7 61. g6 {Cut Off at move 61} Rg2 62. Rd4 d2 63. Rxe4 {And now Rd4 would win.} d1=Q+ 64. Kxg2 {aiming for Kg3. KQ-KRB} Qd5 65. Kf3 Qf5+ 66. Ke3 Qxg6 67. Rf4 Kc6 68. Kd4 Kb5 69. Rf8 Qg4+ 70. Ke5 Qd7 71. Rb8+ Kc4 72. Rf8 Qd5+ 73. Kf6 Qf3+ {Weighted Error Value: White=0.15/Black=0.13} 1/2-1/2

[Event "VII Sunway Sitges Open 2020"]
[Site "Sitges"]
[Date "2020.12.15"]
[Round "3.28"]
[White "Mitran, Anthony Cristian"]
[Black "Martin Duque, Jesus"]
[Result "1/2-1/2"]
[WhiteElo "2157"]
[BlackElo "2422"]
[Annotator "TA"]
[PlyCount "81"]
[EventDate "2020.12.13"]
[EventType "swiss"]
[EventCountry "ESP"]
[SourceTitle "playchess.com"]
[Source "ChessBase"]
[SourceQuality "1"]

{[%evp 9,81,29,30,18,56,38,52,47,35,-34,-36,-28,-24,-37,-26,-31,0,0,0,8,30,32,36,30,18,18,21,-22,-16,-32,-19,-22,129,137,146,151,483,0,0,0,0,0,82,0,0,0,0,0,1,0,20,21,152,152,152,152,152,151,152,152,152,152,152,152,759,793,1281,1237,1131,1122,888,0,556,0]} 1. c4 b6 2. Nc3 Bb7 3. e4 c5 4. Nf3 Nc6 5. d4 cxd4 6. Nxd4 {A34: Symmetrical English: 2 Nc3, lines with ...d5.} g6 {[#]} 7. Bg5 $146 ({Predecessor:} 7. Be3 Bg7 8. Be2 Nf6 9. O-O O-O 10. f3 d6 11. Qd2 Rc8 12. Rac1 Nd7 13. Rfd1 Nc5 14. Nc2 Re8 15. Bf1 Ne5 16. b3 Ne6 17. Nb4 Qd7 18. Nbd5 Nc5 19. Kh1 Ba8 20. Qf2 {1-0 (41) Guramishvili,S (2368)-Brink,B (2360) Wijk aan Zee 2016}) 7... Bg7 8. Ndb5 {White is slightly better.} Nf6 9. Bxf6 (9. f3 $14) 9... Bxf6 $15 10. Nd5 Be5 11. f4 Bb8 12. Qd2 O-O (12... a6 {is more complex.} 13. Nd4 O-O 14. e5 d6 15. Nxc6 Bxc6 16. O-O-O dxe5 17. Nf6+ Kg7) 13. O-O-O {[%cal Ba1d1,Bd1d3,Bd3h3,Bh3h7][%mdl 32]} a6 $1 {[%cal Ra6b5]} 14. Na3 $1 e5 (14... e6 $5 15. Nc3 $8 Bc7 $11) 15. f5 {Qh6 is the strong threat.} Nd4 16. Qh6 {Threatening mate with f6.} Bxd5 17. cxd5 b5 ({Not} 17... gxf5 $2 18. Rd3 $18) 18. Rd3 {And now Rh3 would win.} Qf6 $1 19. Rh3 {[%csl Gh3][%cal Rh6h7]} Rc8+ 20. Kb1 Bd6 $2 (20... Qg7 $11) 21. Qxh7+ $16 Kf8 22. fxg6 Qxg6 $2 {[#]} (22... Ke7 $16 23. gxf7 Rf8) 23. Qxg6 $2 ({White must play} 23. Qh4 $1 $18) 23... fxg6 $11 24. Rh7 {Strongly threatening Bd3.} Bxa3 25. bxa3 d6 {[#]} (25... Kg8 $1 $11 26. Rxd7 Rc2) 26. g3 (26. Bd3 $1 $16) 26... Kg8 27. Rd7 Rd8 28. Rxd8+ (28. Rb7 {seems wilder.} Rab8 29. Rxb8 Rxb8 30. Bh3 Kg7 31. Bg4) 28... Rxd8 {[%mdl 4096] Endgame KRB-KRN} 29. Bd3 Rf8 30. Rf1 {Threatens to win with Rxf8+.} Rxf1+ (30... Rc8 $11 {keeps the balance.}) 31. Bxf1 {KB-KN} a5 32. Kb2 Kf7 33. Kc3 Ke7 34. h4 Kf6 35. Kd2 g5 36. Be2 gxh4 $2 (36... Kg7 $16 37. Bd1 (37. hxg5 Kg6 $16) 37... Kg6) 37. gxh4 $18 Kg6 38. Bd1 Kf6 39. Ke3 Kg6 40. Kd2 Kf6 $1 41. Ke3 $2 {Weighted Error Value: White=0.34/Black=0.33} (41. Ke1 $18 a4 42. Kf2) 1/2-1/2

[Event "VII Sunway Sitges Open 2020"]
[Site "Sitges"]
[Date "2020.12.15"]
[Round "3.29"]
[White "Vlachos, Anatole"]
[Black "Ezquerro Luque, Albert"]
[Result "*"]
[WhiteElo "2413"]
[BlackElo "2101"]
[Annotator "TA"]
[PlyCount "38"]
[EventDate "2020.12.13"]
[EventType "swiss"]
[EventCountry "ESP"]
[SourceTitle "playchess.com"]
[Source "ChessBase"]
[SourceQuality "1"]

{[%evp 18,38,18,7,26,25,17,0,70,53,68,70,86,85,78,80,181,166,186,176,257,246,322]} 1. d4 f5 2. g3 Nf6 3. Bg2 e6 4. c4 d5 5. Nf3 Bd6 6. O-O O-O 7. Nc3 c6 8. Qc2 Ne4 9. Rb1 Nd7 10. b4 {[%cal Bb2b4,Bb4b5][%mdl 32]} b6 {A90: Dutch Defence: Miscellaneous and Modern Stonewall (with ...Bd6).} 11. b5 Qc7 {[#]} 12. Nxe4 $146 ({Predecessor:} 12. Bd2 Ndf6 13. bxc6 Qxc6 14. Nb5 Qxc4 15. Qxc4 dxc4 16. Nxd6 Nxd6 17. Bb4 Rd8 18. Rfc1 {0-1 (39) Jankovic,A (2568)-Sedlak,N (2608) Jahorina 2018}) 12... dxe4 (12... fxe4 $11 13. Ng5 Nf6) 13. Ng5 $14 Nf6 14. f3 $1 {[%cal Rf3e4]} h6 15. fxe4 {e5 is the strong threat.} hxg5 16. e5 {[%mdl 64] Double Attack} Bd7 (16... Bb7 $16) 17. exd6 $18 (17. Bxg5 $6 Bxe5 18. dxe5 Qxe5 $14) 17... Qxd6 {[#]} 18. Qd3 $1 ({Resist} 18. Bxg5 $6 Qxd4+ 19. Kh1 Be8 $14) 18... cxb5 (18... Rf7 $142 19. Bxg5 Rc8) 19. cxb5 ({Much less strong is} 19. Bxa8 $6 Rxa8 20. cxb5 (20. Bxg5 bxc4 21. Qxc4 Rc8 $16) 20... Ne4 $16) 19... e5 {Black got outplayed after the opening.  Weighted Error Value: White=0.02/Black=0.42} *

[Event "VII Sunway Sitges Open 2020"]
[Site "Sitges"]
[Date "2020.12.15"]
[Round "3.29"]
[White "Yu, Jennifer"]
[Black "Rut, Vojtech"]
[Result "1-0"]
[WhiteElo "2315"]
[BlackElo "2057"]
[Annotator "TA"]
[PlyCount "49"]
[EventDate "2020.12.13"]
[EventType "swiss"]
[EventCountry "ESP"]
[SourceTitle "playchess.com"]
[Source "ChessBase"]
[SourceQuality "1"]

{[%evp 18,49,15,14,14,14,10,29,59,60,64,73,69,76,70,77,160,167,158,164,258,249,339,357,357,347,340,305,748,723,804,798,1079,1047]} 1. d4 f5 2. g3 Nf6 3. Bg2 e6 4. c4 d5 5. Nf3 Bd6 6. O-O O-O 7. Nc3 c6 8. Qc2 Ne4 9. Rb1 Nd7 10. b4 {[%cal Bb2b4,Bb4b5][%mdl 32]} b6 {A90: Dutch Defence: Miscellaneous and Modern Stonewall (with ...Bd6).} 11. b5 Qc7 {[#]} 12. Nxe4 $146 ({Predecessor:} 12. Bd2 Ndf6 13. bxc6 Qxc6 14. Nb5 Qxc4 15. Qxc4 dxc4 16. Nxd6 Nxd6 17. Bb4 Rd8 18. Rfc1 {0-1 (39) Jankovic,A (2568)-Sedlak,N (2608) Jahorina 2018}) 12... dxe4 {White has an edge.} 13. Ng5 Nf6 14. f3 $1 {[%cal Rf3e4]} h6 15. fxe4 {aiming for e5.} hxg5 16. e5 {[%mdl 64] Double Attack} Bd7 (16... Bb7 $142) 17. exd6 $16 (17. Bxg5 $6 Bxe5 18. dxe5 Qxe5 $14) 17... Qxd6 {[#]} 18. Qd3 $1 (18. Bxg5 $6 Qxd4+ 19. Kh1 Qc5 $14) 18... cxb5 (18... Rf7 {was worth a try.} 19. Bxg5 Rc8) 19. cxb5 $18 ({But not} 19. Bxa8 $6 Rxa8 20. cxb5 (20. Bxg5 bxc4 21. Qxc4 Rc8 $16) 20... Ne4 $16) 19... e5 20. dxe5 ({Less strong is} 20. Bxg5 e4 $14) 20... Qxe5 21. Bb2 ({Not} 21. Bxg5 Rad8 $16) 21... Qc5+ 22. Bd4 Qe7 $2 {[#]} (22... Qd6 23. Bxa8 Rxa8 24. Bxf6 Qxd3 25. exd3 gxf6) 23. Bxa8 {White is clearly winning.} Rxa8 24. Bxf6 gxf6 25. Qd5+ {[%mdl 64] Double Attack. White took control after the opening.  Weighted Error Value: White=0.00/Black=0.34} 1-0

[Event "VII Sunway Sitges Open 2020"]
[Site "Sitges"]
[Date "2020.12.15"]
[Round "3.30"]
[White "Boyer, Mahel"]
[Black "Carroll, Peter"]
[Result "1-0"]
[WhiteElo "2307"]
[BlackElo "2031"]
[Annotator "TA"]
[PlyCount "47"]
[EventDate "2020.12.13"]
[EventType "swiss"]
[EventCountry "ESP"]
[SourceTitle "playchess.com"]
[Source "ChessBase"]
[SourceQuality "1"]

{[%evp 10,47,6,-4,0,-3,-5,-9,-27,-26,-37,-43,-25,-21,-17,-23,-20,-51,-36,-25,-29,-31,-29,-19,-27,-36,-27,-52,127,105,179,183,274,265,442,429,1372,1373,1385,1385]} 1. d4 Nf6 2. Nf3 e6 3. Bg5 c5 4. e3 Qb6 5. Qc1 Ne4 6. Bf4 Be7 {A46: 1 d4 Nf6 2 Nf3 e6: Torre, London and Colle Systems.} 7. Bd3 {[#]} d5 $146 ({Predecessor:} 7... f5 8. c3 Nc6 9. Nbd2 d5 10. h4 Bd7 11. Ne5 Nxe5 12. Bxe5 Nxd2 13. Qxd2 Bb5 14. Bxb5+ Qxb5 15. Bxg7 {½-½ (37) Brinkmann,G (1959)-Broberg,H (2142) Leipzig 2004}) 8. c3 g5 {The position is equal.} 9. Be5 f6 10. Bg3 Nd7 11. Bxe4 dxe4 12. Nfd2 f5 13. Na3 cxd4 14. cxd4 O-O 15. h4 f4 16. Bh2 $1 {[#]} Ne5 $1 {[%mdl 512] And now ...Nd3+ would win.} 17. dxe5 {Nac4 is the strong threat.} fxe3 18. O-O e2 $2 (18... exd2 $15 {stays ahead.} 19. Qxd2 {[#]} Rxf2 $1 {[%mdl 576] Decoy} 20. Rxf2 (20. Qxf2 $2 {is the wrong capture.} Bc5 $19) 20... e3 {[%mdl 64] Double Attack}) 19. Re1 $16 Qxf2+ (19... Rxf2 $16 20. Kh1 Bd7) 20. Kh1 $18 Bb4 (20... Bd7 $142) 21. Nc2 ({Avoid the trap} 21. Nxe4 $2 Qxe1+ 22. Qxe1 Bxe1 $19) ({Don't go for} 21. hxg5 $2 e3 $19) 21... gxh4 $2 (21... Bxd2 22. Qxd2 {[%mdl 64] Double Attack} Qxh4 23. Rxe2 b6) 22. Nxe4 {White is clearly winning.} Qxe1+ (22... Qf1+ $142 23. Rxf1 exf1=Q+ 24. Qxf1 Rxf1+ 25. Rxf1 Be7) 23. Nxe1 Rf1+ 24. Bg1 {Weighted Error Value: White=0.07/Black=0.41} 1-0

[Event "VII Sunway Sitges Open 2020"]
[Site "Sitges"]
[Date "2020.12.15"]
[Round "3.30"]
[White "Altisen Palmada, Roberto"]
[Black "Ayats Llobera, Gerard"]
[Result "*"]
[WhiteElo "2102"]
[BlackElo "2400"]
[Annotator "RC"]
[PlyCount "32"]
[EventDate "2020.12.13"]
[EventType "swiss"]
[EventCountry "ESP"]
[SourceTitle "playchess.com"]
[Source "ChessBase"]
[SourceQuality "1"]
[TimeControl "40/5400+30:1800+30"]

1. d4 {[%emt 0:08:08]} Nf6 {[%emt 0:00:00]} 2. Nf3 {[%emt 0:00:30]} e6 {[%emt 0:00:00]} 3. Bg5 {[%emt 0:05:41]} c5 {[%emt 0:05:57]} 4. e3 {[%emt 0:03:42]} Qb6 {[%emt 0:00:19]} 5. Qc1 {[%emt 0:00:27]} Ne4 {[%emt 0:01:38]} 6. Bf4 {[%emt 0:00:30]} Be7 {[%emt 0:03:19]} 7. Bd3 {[%emt 0:00:40]} d5 {[%emt 0:18:55]} 8. c3 {[%emt 0:01:45]} g5 {[%emt 0:02:33]} 9. Be5 {[%emt 0:00:22]} f6 {[%emt 0:07:24]} 10. Bg3 {[%emt 0:12:17]} Nd7 {[%emt 0:00:13]} 11. Bxe4 {[%emt 0:00:05]} dxe4 {[%emt 0:03:36]} 12. Nfd2 {[%emt 0:01:27]} f5 {[%emt 0:15:01]} 13. Na3 {[%emt 0:00:54]} cxd4 {[%emt 0:06:27]} 14. cxd4 {[%emt 0:04:28]} O-O {[%emt 0:08:20]} 15. h4 {[%emt 0:00:23]} f4 {[%emt 0:06:20]} 16. Bh2 Ne5 *

[Event "VII Sunway Sitges Open 2020"]
[Site "Sitges"]
[Date "2020.12.15"]
[Round "3.31"]
[White "Valenzuela Gomez, Fernando"]
[Black "Llopis de Aysa, Manuel"]
[Result "*"]
[WhiteElo "2390"]
[BlackElo "2093"]
[Annotator "RC"]
[PlyCount "51"]
[EventDate "2020.12.13"]
[EventType "swiss"]
[EventCountry "ESP"]
[SourceTitle "playchess.com"]
[Source "ChessBase"]
[SourceQuality "1"]
[TimeControl "40/5400+30:1800+30"]

1. e4 c5 2. Nf3 d6 3. d4 cxd4 4. Nxd4 Nf6 5. Nc3 a6 6. Be3 e5 7. Nb3 Be6 8. f3 h5 9. Nd5 Bxd5 10. exd5 Nbd7 11. Qd2 g6 12. c4 b6 13. a4 a5 14. Nc1 Bg7 15. Rb1 O-O 16. Be2 Nc5 17. Bd1 e4 18. f4 Ng4 19. O-O Nxe3 20. Qxe3 f5 21. b4 axb4 22. Rxb4 Qc7 23. Ne2 Ra6 24. Bc2 Nd3 25. Bxd3 exd3 26. Nc1 *

[Event "VII Sunway Sitges Open 2020"]
[Site "Sitges"]
[Date "2020.12.15"]
[Round "3.31"]
[White "Ruiz Buendia, Miguel"]
[Black "Garcia Ruiz, Adrian"]
[Result "0-1"]
[WhiteElo "2013"]
[BlackElo "2024"]
[Annotator "TA"]
[PlyCount "86"]
[EventDate "2020.12.13"]
[EventType "swiss"]
[EventCountry "ESP"]
[SourceTitle "playchess.com"]
[Source "ChessBase"]
[SourceQuality "1"]

{[%evp 15,86,8,31,32,23,38,29,29,38,13,23,12,38,-18,0,-62,-25,-25,-15,-34,-37,-36,-65,-91,-91,-91,-88,-154,-146,-132,-88,-88,-83,-172,-165,-230,-216,-228,-128,-219,-208,-208,-182,-182,-191,-259,-250,-336,-322,-480,-318,-429,-382,-531,-378,-378,-378,-5708,-5662,-8379,-9014,-5373,-5273,-6510,-6187,-2242,0,-696,-673,-29982,-29983,-29993,-29994]} 1. e4 c5 2. Nf3 d6 3. d4 cxd4 4. Nxd4 Nf6 5. Nc3 a6 6. Be3 e5 7. Nb3 Be6 8. f3 h5 (8... Nbd7 {is more complex.} 9. g4 b5 10. a3 h6 11. Qd3 Nb6) 9. Nd5 {B90: Sicilian Najdorf: Unusual White 6th moves, 6 Be3 Ng4 and 6 Be3 e5.} Bxd5 10. exd5 Nbd7 11. Qd2 {White has an edge.} g6 12. c4 {Recently 12.0-0-0 got a lot of attention.} b6 13. a4 a5 {[#]} 14. Nc1 $146 (14. Bd3 $14) ({Predecessor:} 14. Be2 Nc5 15. Nc1 h4 16. O-O Nh5 17. Bd1 Be7 18. Na2 f5 19. b4 Nd7 20. Bc2 {0-1 (37) Kulon,K (2332)-Sadzikowski,D (2492) Krakow 2014}) 14... Bg7 $11 15. Rb1 ({White should try} 15. Be2 $11) 15... O-O 16. Be2 Nc5 17. Bd1 e4 18. f4 Ng4 19. O-O Nxe3 20. Qxe3 f5 21. b4 (21. Ne2 $142) 21... axb4 $17 22. Rxb4 Qc7 23. Ne2 Ra6 24. Bc2 {[#]} (24. Nd4 $17) 24... Nd3 $1 $36 {[%cal Rd3b4][%mdl 2560] Keeping White busy.} 25. Bxd3 (25. Rb5 {keeps fighting.}) 25... exd3 26. Nc1 ({Avoid the trap} 26. Nd4 $2 Qc5 $19) 26... Bc3 (26... Qc5 $19 27. Qxc5 bxc5) 27. Nxd3 (27. Rb1 $17 {was worth a try.}) 27... Bxb4 28. Nxb4 Rxa4 29. Nc6 {[#] Black must now prevent Ne7+.} Qf7 $1 ({Weaker is} 29... Rxc4 30. Ne7+ Kg7 31. Qe6 $11) 30. Qb3 (30. Nd4 {was necessary.}) 30... Rfa8 31. Qxb6 Rxc4 32. Qe3 (32. h3 $142) 32... Re8 33. Qg3 Qf6 34. Rb1 Rc3 35. Qf2 Ra3 {...Ra1 is the strong threat.} 36. h3 $2 (36. Nd4 Ra4 37. Nf3) 36... Ra1 37. Rxa1 Qxa1+ {[%mdl 4096] Endgame KQR-KQN} 38. Kh2 Re1 39. Kg3 Qc3+ 40. Kh2 Qa1 (40... Qc1 $142 41. Nd4 {[#]} h4 $1 {[%mdl 512]} 42. Qxe1 Qxe1) 41. Kg3 $1 Qc1 {And now ...Rf1 would win.} 42. Qd4 Rf1 43. Ne7+ Kf7 {Accuracy: White = 30%, Black = 73%.} 0-1

[Event "VII Sunway Sitges Open 2020"]
[Site "Sitges"]
[Date "2020.12.16"]
[Round "4.1"]
[White "Cheparinov, Ivan"]
[Black "Plat, Vojtech"]
[Result "1/2-1/2"]
[WhiteElo "2688"]
[BlackElo "2562"]
[Annotator "TA"]
[PlyCount "60"]
[EventDate "2020.12.13"]
[EventType "swiss"]
[EventCountry "ESP"]
[SourceTitle "playchess.com"]
[Source "ChessBase"]
[SourceQuality "1"]

{[%evp 20,60,10,0,3,-18,-26,-13,0,-8,-4,-16,10,8,16,12,25,27,21,-11,-11,-12,-13,-17,-5,-11,-8,-16,-14,-25,0,0,0,0,0,-4,0,0,0,-27,-28,-40,-41]} 1. d4 {Oratovsky,M} g6 2. e4 Bg7 3. Nc3 d6 4. Nf3 Nf6 5. Be3 O-O 6. Qd2 e5 7. dxe5 dxe5 8. Qxd8 Rxd8 9. Bc4 Nc6 10. O-O h6 11. h3 Ne8 {[#] B08: Pirc Defence: Classical System.} 12. Nd5 $146 ({Predecessor:} 12. Rfd1 Nd4 13. Bxd4 exd4 14. Nd5 Be6 15. Bb3 Nd6 16. Nxc7 Bxb3 17. cxb3 Rac8 18. Nd5 Rc5 19. b4 {0-1 (33) Hebden,M (2510)-Sutovsky,E (2587) Port Erin 1999 CBM 074 [Oratovsky,M]}) 12... Be6 13. Rfd1 Kh7 {The position is equal.} 14. Bb5 Bxd5 15. exd5 Nb4 16. Bc5 Nd6 17. Bf1 Nxc2 18. Rac1 Nd4 $1 19. Bxd4 exd4 20. Rxc7 Rac8 21. Rdc1 Bf6 22. Bd3 Kg7 23. g4 Kf8 24. Kf1 Rxc7 (24... Rb8 {with more complications.} 25. h4 Ne8 26. R7c5 Be7 27. Ra5 a6) 25. Rxc7 Rc8 26. Rxc8+ Nxc8 27. Nd2 Ke7 28. Nc4 Nd6 29. Nxd6 Kxd6 30. b3 Kxd5 {Weighted Error Value: White=0.07/Black=0.05} 1/2-1/2